Muslim india will be like this: (Record no. 193076)

MARC details
000 -LEADER
fixed length control field 00642nam a22001937a 4500
005 - DATE AND TIME OF LATEST TRANSACTION
control field 20221014152913.0
010 ## - LCCN (DPL NO)
LC control number ENG-135415
020 ## - INTERNATIONAL STANDARD BOOK NUMBER
International Standard Book Number 9789869809012
Terms of availability 325.00
035 ## - SYSTEM CONTROL NUMBER
System control number EN-118947
037 ## - SOURCE OF ACQUISITION
Source of stock number/acquisition DBAD/PUB
082 ## - DEWEY DECIMAL CLASSIFICATION NUMBER
Classification number 305.6970957
100 ## - MAIN ENTRY--PERSONAL NAME
Personal name Rakhit, Maanoj
245 ## - TITLE STATEMENT
Title Muslim india will be like this:
Remainder of title auditing and reinterpreting history/
Statement of responsibility, etc by Maanoj Rakhit
250 ## - EDITION STATEMENT
Edition statement 3rd edition
260 ## - PUBLICATION, DISTRIBUTION, ETC. (IMPRINT)
Place of publication, distribution, etc Mumbai
Name of publisher, distributor, etc Manoj Rakhit
Date of publication, distribution, etc 2014
270 ## - ADDRESS
Address 8/604 discovery dattapada rd borivli E
City mumbai
Postal code 400066
Telephone number 09869809012
Electronic mail address maanojrakhit@gmail.com
300 ## - PHYSICAL DESCRIPTION
Extent 329p.
Dimensions 21cm(pbk)
942 ## - ADDED ENTRY ELEMENTS (KOHA)
Source of classification or shelving scheme Dewey Decimal Classification
Item type English Books
Call number suffix RAK
Classification part 305.6970954
Holdings
Withdrawn status Lost status Not for loan Collection code Home library Current library Date acquired Source of acquisition Cost, normal purchase price Full call number Barcode Copy number Cost, replacement price Koha item type
      Non-fiction R.K.Puram-8 R.K.Puram-8 14/10/2022 DBAD/PUB 325.00 305.6970954 RAK EN-118947 1 325.00 English Books

© Delhi Public Library
Hit Counter
free hit counter